Westward Capital Trip Quiz Stats

Quiz Updated May 7, 2018

Challenge
Share
Tweet
Embed
Score 0/50 Timer 15:00
0 Plays Today
Capital % Correct
Tokyo
100%
Seoul
86%
Pyongyang
78.2%
Beijing
77.5%
Ulaanbaatar
58%
Astana
46.6%
Tashkent
39.8%
Tehran
35.4%
Dushanbe
35.1%
Baku
34.8%
Tbilisi
34%
Yerevan
33.4%
Ashgabat
33.3%
Damascus
32.9%
Baghdad
32.9%
Beirut
32.6%
Ankara
30%
Nicosia
29.1%
Sofia
28.5%
Bucharest
28.1%
Ramallah
27.6%
Skopje
27.4%
Zagreb
27.3%
Sarajevo
27%
Pristina
26.9%
Capital % Correct
Ljubljana
26.8%
Podgorica
26.7%
San Marino
26.6%
Monaco
25.5%
Madrid
25.5%
Lisbon
25.4%
Andorra la Vella
25%
Dakar
19.2%
Nouakchott
18.5%
Praia
18%
Georgetown
17.9%
Paramaribo
17.5%
Port of Spain
17.2%
St. George's
15.7%
Port-au-Prince
15.6%
Kingston
15.5%
Santo Domingo
15.3%
Havana
15.2%
St. John's
15.1%
Mexico City
15%
Nassau
14.6%
Guatemala City
14.6%
Basseterre
14.5%
Belmopan
14.4%
Apia
12.6%

You're not logged in!

Compare scores with friends on all Sporcle quizzes.
Join for Free
OR
Log In

You Might Also Like...

Show Comments

Extras

Top Quizzes Today


Score Distribution

Your Account Isn't Verified!

In order to create a playlist on Sporcle, you need to verify the email address you used during registration. Go to your Sporcle Settings to finish the process.

Report this User

Report this user for behavior that violates our Community Guidelines.

Details: